000 00836cab a2200289 4500
001 WB3025-18
008 090401t1994 xxu||||| |||| 00| 0 eng d
035 _a(Sirsi) u27680
041 _aeng
245 _aHigh Streets fight back
260 _c1994
350 _a0
490 _aEstates Gazette
_v(9425) 25 June 1994, 54(1)
520 _aErdman Lewis forecasts a rise in rents in 1995 for the High Street and out-of-town shopping centres. "Midsummer retail report".
650 _aERDMAN LEWIS
650 _aFORECASTS
650 _aHIGH STREETS
650 _aMETRICATION
650 _aOUT-OF-TOWN SHOPPING
650 _aRECOVERY
650 _aRETAIL RENTS
650 _aRETAIL WAREHOUSES
650 _aTOWN CENTRES
690 _aPROPERTY-COMMERCIAL PROPERTY-RETAIL PROPERTY
942 _n0
948 _c04/03/1997
999 _c18640
_d18640